000
00307nam a22001337a 4500
008
170208b xxu||||| |||| 00| 0 eng d
020
_a
9780136129806
041
_a
eng
080
_2
5TH
_a
61
100
_a
4
101
_a
SHM
245
_a
FOUNDTIONS OF NURSING RESEARCH
_c
NIESWIADOMY, R.M
942
_2
udc
_c
BK
999
_c
4908
_d
4908